000 00498nam a2200145Ia 4500
008 100122s9999 xx 000 0 und d
082 _b23410
_a294.5925
100 _aघाटे ब गि
245 _aएकनाथ दर्शन खंड 2
260 _bएकनाथ संशोधन मंदिर प्रकाशन
_c1965
300 _a268
630 _aएकनाथ दर्शन खंड 2
730 _aएकनाथ दर्शन खंड 2
942 _cBOOK
999 _c411012
_d411009